000 00668nam a2200193 i 4500
001 47769
003 ES-MaACL
005 20230906161628.0
007 t|
008 030522q1957 sp ||||1| spa d
100 1 _aBetterton, K.
_928680
245 1 0 _aSea usted escritor
_b: (arte de escribir y expresarse literariamente) /
_cK. Betterton ; prólogo de Tomás Salvador ; traducción del inglés de Arturo Roca Ramis.
250 _a1ª ed. española.
260 _aBarcelona :
_bEdiciones Generales,
_c[1957?]
300 _a188 p. ;
_c20 cm.
700 1 _aSalvador, Tomás.
_9102080
700 1 _aRoca Ramis, Arturo.
_998007
852 _aES-MaACL
_jC-13579
_bR.41277
999 _c47769
_d47769